Responses for Show #1593 - Wednesday, July 3, 1991

Contestants

[<< previous game]

Andy Carlson, an office manager from Torrance, California

Mahlon McLean, a legal assistant from Fullerton, California

Molly Redfield, a Ph.D. candidate from Claremont, California (whose 1-day cash winnings total $8,100)

[next game >>]

Jeopardy! Round responses

20th CENTURY AMERICA
THE HUMAN BODY
WORD ORIGINS
FAMOUS FOLKS
BRAZIL
FIG FACTS
    $100 26
(Andy: What is fluorine?)

fluoride

MollyAndy
    $100 1
vitamin D

Molly
    $100 6
butterfly

Andy
    $100 11
Frank Sinatra, Jr.

Andy
    $100 19
good day (good morning)

Andy
    $100 16
fig leaves

Molly
    $200 27
(Joseph) McCarthy

Andy
    $200 2
mandible

Molly
    $200 7
Africa

Mahlon
    $200 12
Jim Henson

Andy
    $200 22
Brazil nuts

Andy
    $200 17
calcium

Molly
    $300 28
Marion Barry

Andy
    $500 3
(Molly: I'm blank.)

hydrochloric acid or HCl

Molly
    $300 8
frown

Mahlon
    $300 13
Kathie Lee Gifford

Andy
    $300 23
soccer

Molly
    $300 18
Fig Newton

Mahlon
    $400 29
Jack Ruby

Molly
    $400 4
liver

Molly
    $400 9
hobby

Andy
    $400 14
Hugh Hefner

Andy
    $400 24
(Andy: What is rubber?)
(Mahlon: What are pineapples?)

coffee

MahlonAndy
Triple Stumper
    $400 20
Bacchus

Molly
    $500 30
evolution

Andy
    $500 5
ERRATUM: Clue was to have read "like"

pineal

Molly
    $500 10
fresco

Molly
    $500 15
Goldie Hawn

Molly
    $500 25
(Andy: Who is Magellan?)

Pedro Cabral

Andy
Triple Stumper
    $500 21
Turkey

Mahlon

Scores at the first commercial break (after clue 15):

Molly Mahlon Andy
$1,700 $500 $1,500

Scores at the end of the Jeopardy! Round:

Molly Mahlon Andy
$3,200 $900 $1,800

Double Jeopardy! Round responses

THE RENAISSANCE
ZOOLOGY
U.S. STATES
LITERATURE
BUSINESS BIGGIES
GHOSTS
    $200 18
Columbus

Andy
    $200 1
wolves

Molly
    $200 5
New York

Andy
    $200 12
(Mahlon: Uh, who, who is Mayor Daley?)

Ed Koch

MollyMahlon
    $200 10
Dole

Andy
    $200 24
Ghost of Christmas Present

Molly
    $400 19
David

Molly
    $400 2
zebras

Mahlon
    $400 6
Texas

Andy
    $400 13
The Naked and the Dead

Triple Stumper
    $400 11
(Andy: What is Continental?)

Pan Am

MollyAndy
    $400 25
Queen Mary

Andy
    $600 20
Avignon

Molly
    $600 3
(Molly: What is the blue whale?)

elephant

MollyAndy
    $600 7
(Mahlon: What is Alabama?)

Pennsylvania

MahlonAndy
    $600 14
Jamaica Inn

Molly
    $600 16
LA Gear

Molly
    $600 26
(Andy: What is a banshee?)

poltergeist

MollyAndy
    $3,000 21
Sir Thomas More

Molly
    $800 4
wolverine

Andy
    $800 8
Nevada

Andy
    $800 15
(Andy: Who are the Brontë sisters?)
(Alex: Be more specific.)

Charlotte & Emily Brontë

Andy
    $1,000 29
Century 21

Molly
    $800 27
(Mahlon: Who is Macbeth?)

Richard III

MollyMahlon
    $1000 22
Petrarch

Molly
    $1000 23
(Mahlon: What is the coatimundi?)

capybara

Mahlon
Triple Stumper
    $1000 9
(Mahlon: What is Rhode Island?)

Vermont

Mahlon
Triple Stumper
    $1000 17
Tristram Shandy

Molly
    $1000 30
Fisher-Price

Triple Stumper
    $1000 28
Virginia

Molly

Scores at the end of the Double Jeopardy! Round:

Molly Mahlon Andy
$14,200 -$2,300 $5,800
(lock game)

[wagering suggestions for these scores]

Final Jeopardy! Round responses

ROYALTY
(Alex: Olav V of [*], age 87.)
AndyWhat is Sweden?
$1,000
MollyWhat is Japan?
$2,000
Norway

Final scores:

Molly Mahlon Andy
$12,200 -$2,300 $4,800
2-day champion: $20,300 3rd place: Lalura perfume & cologne + Nintendo Entertainment System with games 2nd place: trip to New York on American West Airlines & stay at Roseland Ranch in Stanfordville

Game dynamics:

Coryat scores:

Molly Mahlon Andy
$12,300 -$2,300 $5,800
27 R
(including 2 DDs),
2 W
(including 1 DD)
5 R,
6 W
21 R,
5 W

Combined Coryat: $15,800

[game clues] [game scores] [suggest correction]

Game tape date: 1991-03-19
The J! Archive is created by fans, for fans. Scraping, republication, monetization, and malicious use prohibited; this site may use cookies and collect identifying information. See terms. The Jeopardy! game show and all elements thereof, including but not limited to copyright and trademark thereto, are the property of Jeopardy Productions, Inc. and are protected under law. This website is not affiliated with, sponsored by, or operated by Jeopardy Productions, Inc. Join the discussion at JBoard.tv.